000 00804nam a2200205 i 4500
001 39956
003 ES-MaACL
005 20250707203845.0
007 t|
008 030304m19731974sp |||| | spa d
100 0 _aCarr, Edward Hallett,
_d1892-1982
_935467
245 1 3 _aLa Revolución Bolchevique (1917-1923) /
_cE.H. Carr ; [versión de Soledad Ortega].
260 _aMadrid :
_bAlianza Editorial,
_c[1973-1974]
300 _a3 v. ;
_c20 cm.
505 8 _aContiene: 1 ;
_tLa conquista y organización del poder (470 p.) - 2 ;
_tEl orden económico (427 p.) - 3 ;
_tLa Rusia soviética y el mundo (618 p.)
651 4 _aRusia-
_xHistoria-
_y1917-1921, Revolución.
_99336
700 1 _aOrtega, Soledad,
_d1914-2007
_987431
852 _aES-MaACL
_jE-8005-07
999 _c39956
_d39956